000 01248nam a22001697a 4500
003 NUST
005 20240920093436.0
082 _a005.1,HAS
245 _aWriting Productivity /
_cASC Ihtisham Ul Hassan, PC Talal Mahmood, PC Muneeb Ul Hassan, ASC Ashad Kotlawan.
260 _aMCS, NUST
_bRawalpindi
_c2024
300 _a90 p
505 _aThe purpose of the Writing Productivity is to increase motivation for writing and to create a convenient and easy to use application for writers, trying to get rid of their writers’ block. The system consists of a writing platform with a state-of-the-art editor, productivity features and immaculate design. The text editor will be supported by sprinting options and a domain specific AI chatbot. There are features like exporting the final eBook in different formats, seamless backup (offline and online), Outlining and summary generation through AI, images integration and user profile management. This platform is designed to revolutionize the way writers approach their craft, providing a holistic and technologically advanced environment for literary creation.
650 _aUG BESE
_9114271
651 _aBESE-26
_9125902
700 _aSupervisor Dr. Muhammad Sohail
_9114278
942 _2ddc
_cPR
999 _c611571
_d611571